[Event "Madrid-ch Seniors 50"]
[Site "Madrid"]
[Date "2017.01.11"]
[Round "3"]
[White "Cabanas Bravo, Juan Andres"]
[Black "Gonzalez Mateos, Rafael"]
[Result "1/2-1/2"]
[WhiteElo "2008"]
[BlackElo "1955"]
[PlyCount "36"]
[EventDate "2017.01.09"]
[EventType "swiss"]
[EventRounds "9"]
[EventCountry "ESP"]
[SourceTitle "CBM 176 Extra"]
[Source "ChessBase"]
[SourceDate "2017.03.02"]
[SourceVersion "1"]
[SourceVersionDate "2017.03.02"]
[SourceQuality "1"]

1. e4 e6 2. d4 d5 3. Nd2 a6 4. Ngf3 c5 5. exd5 exd5 6. dxc5 Bxc5 7. Nb3 Be7 8. Bd3 Nf6 9. 0-0 0-0 10. Nbd4 Bg4 11. h3 Bh5 12. Nf5 Bc5 13. Bg5 Nbd7 14. g4 Bg6 15. c3 Re8 16. Qc2 Qc7 17. Bh4 Ne4 18. Ne3 Qf4 1/2-1/2

[Event "Madrid-ch sf-A"]
[Site "Madrid"]
[Date "2016.03.30"]
[Round "9"]
[White "Rottenwohrer Suarez, Juan"]
[Black "Gonzalez Mateos, Rafael"]
[Result "1-0"]
[WhiteElo "1985"]
[BlackElo "2003"]
[PlyCount "43"]
[EventDate "2016.03.07"]
[EventType "swiss"]
[EventRounds "9"]
[EventCountry "ESP"]
[SourceTitle "EXT 2017"]
[Source "ChessBase"]
[SourceDate "2016.10.25"]
[SourceVersion "1"]
[SourceVersionDate "2016.10.25"]
[SourceQuality "1"]

1. c4 e5 2. g3 f5 3. d4 exd4 4. Nf3 c5 5. e3 dxe3 6. Bxe3 Nf6 7. Nc3 d6 8. Bg2 Nc6 9. 0-0 Be7 10. Re1 0-0 11. Qd2 Ne5 12. b3 Nfg4 13. Rad1 Nxe3 14. Qxe3 f4 15. gxf4 Nxf3+ 16. Bxf3 Bf6 17. Nb5 Qa5 18. Nxd6 Bd4 19. Bd5+ Kh8 20. Nf7+ Kg8 21. Qe7 Bg4 22. Nd8+ 1-0

[Event "Madrid-ch Seniors"]
[Site "Madrid"]
[Date "2016.01.19"]
[Round "7"]
[White "Gonzalez Mateos, Rafael"]
[Black "Vinas Lopez, Carlos"]
[Result "1/2-1/2"]
[WhiteElo "1986"]
[BlackElo "1903"]
[PlyCount "67"]
[EventDate "2016.01.11"]
[EventType "swiss"]
[EventRounds "9"]
[EventCountry "ESP"]
[SourceTitle "CBM 170 Extra"]
[Source "ChessBase"]
[SourceDate "2016.02.25"]
[SourceVersion "1"]
[SourceVersionDate "2016.02.25"]
[SourceQuality "1"]

1. d4 Nf6 2. c3 e6 3. Bg5 c5 4. e3 h6 5. Bh4 Be7 6. Nd2 cxd4 7. exd4 b6 8. Ngf3 Bb7 9. Bd3 0-0 10. Qc2 d6 11. 0-0 Nbd7 12. Ne4 Nxe4 13. Bxe7 Qxe7 14. Bxe4 Bxe4 15. Qxe4 Nf6 16. Qe2 Qb7 17. Nd2 Rac8 18. f4 Qd5 19. a3 b5 20. Qf3 Qxf3 21. Rxf3 g6 22. h3 h5 23. Re1 a5 24. Ne4 Nxe4 25. Rxe4 Rc4 26. g4 hxg4 27. hxg4 b4 28. axb4 axb4 29. f5 bxc3 30. bxc3 e5 31. Rfe3 Rfc8 32. fxg6 fxg6 33. dxe5 dxe5 34. Rxc4 1/2-1/2

[Event "Madrid-ch Seniors"]
[Site "Madrid"]
[Date "2016.01.18"]
[Round "6"]
[White "Martin Rodriguez, Emilio"]
[Black "Gonzalez Mateos, Rafael"]
[Result "1/2-1/2"]
[WhiteElo "2142"]
[BlackElo "1986"]
[PlyCount "62"]
[EventDate "2016.01.11"]
[EventType "swiss"]
[EventRounds "9"]
[EventCountry "ESP"]
[SourceTitle "CBM 170 Extra"]
[Source "ChessBase"]
[SourceDate "2016.02.25"]
[SourceVersion "1"]
[SourceVersionDate "2016.02.25"]
[SourceQuality "1"]

1. d4 Nf6 2. c4 e6 3. Nc3 Bb4 4. e3 d5 5. Nf3 c6 6. Bd3 dxc4 7. Bxc4 b5 8. Bd3 Bb7 9. 0-0 a6 10. Bd2 Nbd7 11. Nxb5 Be7 12. Nc3 c5 13. Be2 0-0 14. b3 Rc8 15. a3 g6 16. Be1 cxd4 17. exd4 Qc7 18. h3 Rfd8 19. Qb1 Nb6 20. Qb2 Nbd5 21. Nxd5 Nxd5 22. Bd2 Nc3 23. Bc4 Bxf3 24. Qxc3 Bd5 25. Rfc1 Bxc4 26. bxc4 Bf6 27. Be3 e5 28. Rd1 exd4 29. Bxd4 Bxd4 30. Rxd4 Rxd4 31. Qxd4 Qxc4 1/2-1/2

[Event "Madrid-ch sf-B"]
[Site "Madrid"]
[Date "2015.03.13"]
[Round "4"]
[White "Gonzalez Mateos, Rafael"]
[Black "Garcia Serrano, Jose Manuel1111"]
[Result "0-1"]
[WhiteElo "1999"]
[BlackElo "1773"]
[PlyCount "48"]
[EventDate "2015.03.05"]
[EventType "swiss"]
[EventRounds "9"]
[EventCountry "ESP"]
[SourceTitle "CBM 165 Extra"]
[Source "ChessBase"]
[SourceDate "2015.04.21"]
[SourceVersion "1"]
[SourceVersionDate "2015.04.21"]
[SourceQuality "1"]

1. d4 d5 2. c3 Nc6 3. Bf4 Bf5 4. Qb3 Rb8 5. Nd2 e6 6. e3 Bd6 7. Bg3 a6 8. Ngf3 Nf6 9. Be2 0-0 10. Nh4 Be4 11. f3 Bg6 12. Nxg6 fxg6 13. Bxd6 Qxd6 14. 0-0-0 b5 15. e4 Qf4 16. a3 a5 17. Qc2 b4 18. a4 bxc3 19. Qxc3 Nb4 20. Kb1 dxe4 21. fxe4 Nxe4 22. Nxe4 Qxe4+ 23. Bd3 Nxd3 24. Qxd3 Qxg2 0-1

[Event "Madrid-ch sf-B"]
[Site "Madrid"]
[Date "2015.03.05"]
[Round "1"]
[White "Enfedaque Jimenez, Juan Carlos"]
[Black "Gonzalez Mateos, Rafael"]
[Result "0-1"]
[WhiteElo "1758"]
[BlackElo "1999"]
[PlyCount "88"]
[EventDate "2015.03.05"]
[EventType "swiss"]
[EventRounds "9"]
[EventCountry "ESP"]
[SourceTitle "CBM 165 Extra"]
[Source "ChessBase"]
[SourceDate "2015.04.21"]
[SourceVersion "1"]
[SourceVersionDate "2015.04.21"]
[SourceQuality "1"]

1. e4 e6 2. d4 d5 3. e5 c5 4. c3 Qb6 5. Nf3 Nc6 6. Be2 Nge7 7. Na3 cxd4 8. cxd4 Nf5 9. Nc2 Bb4+ 10. Kf1 Be7 11. g4 Nh4 12. Nxh4 Bxh4 13. Be3 h6 14. b3 Bd7 15. Kg2 f6 16. Qd3 0-0-0 17. Rhc1 Kb8 18. a4 Qc7 19. b4 fxe5 20. b5 Na5 21. b6 axb6 22. dxe5 Nc4 23. Bd4 Bg5 24. Ne3 Bc6 25. Qb3 Bf4 26. Kg1 Bxe5 27. Bxe5 Qxe5 28. Bxc4 dxc4 29. Nxc4 Qd5 30. Qg3+ Ka7 31. Kf1 Rhf8 32. a5 b5 33. Qe3+ Qd4 34. Qxd4+ Rxd4 35. Ne5 Bd5 36. Rc7 Rd2 37. f3 Ka6 38. Ra3 b4 39. Re3 b3 40. Nd3 b2 41. Nc5+ Ka7 42. Re1 Rxf3+ 43. Kg1 Rff2 44. Rb1 Rg2+ 0-1

[Event "Madrid-ch Seniors 20th"]
[Site "Madrid"]
[Date "2015.01.10"]
[Round "4"]
[White "Gonzalez Mateos, Rafael"]
[Black "Elissalt Cardenas, Hector"]
[Result "1-0"]
[WhiteElo "1972"]
[BlackElo "2336"]
[PlyCount "89"]
[EventDate "2015.01.07"]
[EventType "swiss"]
[EventRounds "9"]
[EventCountry "ESP"]
[SourceTitle "CBM 164 Extra"]
[Source "ChessBase"]
[SourceDate "2015.03.02"]
[SourceVersion "1"]
[SourceVersionDate "2015.03.02"]
[SourceQuality "1"]

1. d4 Nf6 2. c3 d5 3. Bg5 Nbd7 4. Nf3 c5 5. dxc5 Nxc5 6. Bxf6 gxf6 7. e3 a6 8. Nbd2 b5 9. Qc2 f5 10. Nd4 e6 11. b4 Na4 12. Bd3 Bd7 13. Qb3 Rc8 14. Rc1 Qf6 15. 0-0 e5 16. Ne2 Be6 17. Qa3 e4 18. Bb1 Bd6 19. Nb3 0-0 20. Nbd4 f4 21. exf4 Bxf4 22. Nxf4 Qxf4 23. g3 Qg5 24. c4 Rxc4 25. Rxc4 dxc4 26. Nxe6 fxe6 27. Bxe4 Qd2 28. Bb7 Qd7 29. Be4 Qd4 30. Bb7 Qb6 31. Bg2 Qd4 32. Bb7 Qb6 33. Bg2 Qd4 34. Bb7 Qb6 35. Bg2 Qd4 36. Bb7 Qb6 37. Bg2 Qd4 38. Bb7 Qc3 39. Qc1 Qxb4 40. Qg5+ Kh8 41. Qe5+ Kg8 42. Qxe6+ Kg7 43. Rd1 Rf7 44. Qg4+ Kf6 45. Qf4+ 1-0

[Event "Madrid Chamartin op 3rd"]
[Site "Madrid"]
[Date "2014.09.10"]
[Round "5"]
[White "Gonzalez Mateos, Rafael"]
[Black "Martinez Miura, Enrique"]
[Result "1-0"]
[WhiteElo "2016"]
[BlackElo "1710"]
[PlyCount "61"]
[EventDate "2014.09.07"]
[EventType "swiss"]
[EventRounds "9"]
[EventCountry "ESP"]
[SourceTitle "CBM 162 Extra"]
[Source "ChessBase"]
[SourceDate "2014.10.17"]
[SourceVersion "1"]
[SourceVersionDate "2014.10.17"]
[SourceQuality "1"]

1. d4 e6 2. c3 d5 3. Nf3 Nf6 4. Bg5 Be7 5. Nbd2 Nbd7 6. e3 0-0 7. Bd3 c5 8. Qc2 h6 9. h4 c4 10. Be2 Ng4 11. Bxe7 Qxe7 12. Ng5 hxg5 13. Bxg4 gxh4 14. 0-0-0 f5 15. Be2 Kf7 16. g3 Rh8 17. Nf3 g5 18. gxh4 gxh4 19. Rdg1 b5 20. Rg2 Bb7 21. Rgh2 Rag8 22. Rxh4 Rxh4 23. Rxh4 Qf6 24. Qd1 e5 25. dxe5 Nxe5 26. Nxe5+ Qxe5 27. Bf3 Kf6 28. Qh1 a5 29. Rh7 Ba8 30. Qh4+ Ke6 31. Qe7# 1-0

[Event "Madrid-ch sf-A"]
[Site "Madrid"]
[Date "2014.03.26"]
[Round "9"]
[White "Gonzalez Mateos, Rafael"]
[Black "Rosa Ramirez, Victor Diego"]
[Result "0-1"]
[WhiteElo "2005"]
[BlackElo "1989"]
[PlyCount "74"]
[EventDate "2014.03.10"]
[EventType "swiss"]
[EventRounds "9"]
[EventCountry "ESP"]
[SourceTitle "EXT 2015"]
[Source "ChessBase"]
[SourceDate "2014.11.20"]
[SourceVersion "1"]
[SourceVersionDate "2014.11.20"]
[SourceQuality "1"]

1. d4 Nf6 2. c3 g6 3. Bg5 Bg7 4. Nd2 d5 5. e3 0-0 6. f4 c5 7. Ngf3 Nbd7 8. Bd3 Qb6 9. Qc2 Ng4 10. f5 h6 11. h3 c4 12. Be2 Nf2 13. Kxf2 hxg5 14. fxg6 fxg6 15. Kg1 Qd6 16. e4 Qf4 17. exd5 Qe3+ 18. Kf1 b5 19. Qe4 Qxd2 20. d6 Qxb2 21. Rb1 Qxa2 22. dxe7 Re8 23. Re1 Nb6 24. Qxg6 Rxe7 25. Nxg5 Bf5 26. Qh5 Rae8 27. Kg1 Qc2 28. Kh2 Rxe2 29. Qf7+ Kh8 30. Qh5+ Bh7 31. Qxe8+ Rxe8 32. Rxe8+ Bg8 33. Rhe1 Bf6 34. Ne4 Bh4 35. Re3 Kg7 36. Ng3 Bd5 37. Nf5+ Qxf5 0-1

[Event "Madrid-ch sf-A"]
[Site "Madrid"]
[Date "2014.03.11"]
[Round "2"]
[White "Gonzalez Mateos, Rafael"]
[Black "Perez de Aranda, Leonardo Ivan"]
[Result "0-1"]
[WhiteElo "2005"]
[BlackElo "2117"]
[PlyCount "78"]
[EventDate "2014.03.10"]
[EventType "swiss"]
[EventRounds "9"]
[EventCountry "ESP"]
[SourceTitle "EXT 2015"]
[Source "ChessBase"]
[SourceDate "2014.11.20"]
[SourceVersion "1"]
[SourceVersionDate "2014.11.20"]
[SourceQuality "1"]

1. d4 d5 2. c3 Nf6 3. Bg5 Nbd7 4. Nf3 g6 5. Nbd2 Bg7 6. e3 0-0 7. h3 Re8 8. Bf4 c5 9. Be2 b6 10. Bh2 Bb7 11. 0-0 Qc8 12. c4 dxc4 13. Nxc4 Bd5 14. Nce5 Rd8 15. Qa4 a6 16. Rfd1 Qb7 17. Qa3 cxd4 18. Rxd4 e6 19. Nd3 Ne8 20. Nde1 Bxd4 21. Nxd4 b5 22. b3 Rac8 23. f3 Rc3 24. e4 b4 25. Qa5 Rdc8 26. exd5 Qa7 27. Rd1 e5 28. Qxb4 a5 29. Qe7 exd4 30. Nd3 Nef6 31. Bf1 Nxd5 32. Qd6 Ne3 33. Rd2 R3c6 34. Qa3 Rc2 35. Rxc2 Rxc2 36. Qe7 Nxf1 37. Qe8+ Kg7 38. Be5+ Nxe5 39. Qxe5+ f6 0-1

[Event "Madrid-ch Seniors"]
[Site "Madrid"]
[Date "2014.01.14"]
[Round "6"]
[White "Casares Ripoll, Fernando"]
[Black "Gonzalez Mateos, Rafael"]
[Result "1-0"]
[WhiteElo "2115"]
[BlackElo "2015"]
[PlyCount "57"]
[EventDate "2014.01.07"]
[EventType "swiss"]
[EventRounds "9"]
[EventCountry "ESP"]
[SourceTitle "CBM 158 Extra"]
[Source "ChessBase"]
[SourceDate "2014.02.28"]
[SourceVersion "1"]
[SourceVersionDate "2014.02.28"]
[SourceQuality "1"]

1. c4 c6 2. d4 d5 3. cxd5 cxd5 4. Nf3 Nf6 5. Nc3 e6 6. Bg5 Nbd7 7. e3 Qb6 8. Qc2 Bb4 9. Bd3 h6 10. Bh4 a6 11. 0-0 g5 12. Bg3 Nh5 13. Na4 Qa7 14. Be5 Nxe5 15. Nxe5 0-0 16. Rac1 Bd6 17. Qe2 Bxe5 18. dxe5 Ng7 19. h4 Bd7 20. Nc5 Bb5 21. Bxb5 axb5 22. Nd7 Rfc8 23. hxg5 hxg5 24. Nf6+ Kf8 25. Qxb5 b6 26. Rc6 Ne8 27. Qb4+ Kg7 28. Rxc8 Rxc8 29. Qg4 1-0

[Event "Madrid-ch Seniors"]
[Site "Madrid"]
[Date "2014.01.08"]
[Round "2"]
[White "Alvarez Escudero, Manuel"]
[Black "Gonzalez Mateos, Rafael"]
[Result "0-1"]
[WhiteElo "1782"]
[BlackElo "2015"]
[PlyCount "64"]
[EventDate "2014.01.07"]
[EventType "swiss"]
[EventRounds "9"]
[EventCountry "ESP"]
[SourceTitle "CBM 158 Extra"]
[Source "ChessBase"]
[SourceDate "2014.02.28"]
[SourceVersion "1"]
[SourceVersionDate "2014.02.28"]
[SourceQuality "1"]

1. e4 e6 2. c3 d5 3. exd5 exd5 4. d4 Nf6 5. Nf3 Be7 6. Bd3 0-0 7. 0-0 Bg4 8. h3 Bh5 9. Be3 Nbd7 10. Nbd2 c6 11. Qc2 Bg6 12. Ne5 Bxd3 13. Qxd3 Re8 14. Rfe1 Bd6 15. Bf4 Qc7 16. Nxd7 Qxd7 17. Bxd6 Qxd6 18. Re3 Rxe3 19. fxe3 Re8 20. Re1 Qg3 21. Re2 Ne4 22. b3 f5 23. c4 Nxd2 24. Qxd2 Qd6 25. Qd3 g6 26. cxd5 Qxd5 27. Qc4 Qxc4 28. bxc4 b5 29. Kf2 b4 30. Rb2 a5 31. Rb3 f4 32. a3 Rxe3 0-1

[Event "San Sebastian de los Reyes op 15th"]
[Site "San Sebastian"]
[Date "2013.12.04"]
[Round "5"]
[White "Adan Bermudez, Sergio"]
[Black "Gonzalez Mateos, Rafael"]
[Result "1-0"]
[WhiteElo "2312"]
[BlackElo "2010"]
[PlyCount "99"]
[EventDate "2013.11.30"]
[EventType "swiss"]
[EventRounds "9"]
[EventCountry "ESP"]
[SourceTitle "CBM 157 Extra"]
[Source "ChessBase"]
[SourceDate "2013.12.19"]
[SourceVersion "1"]
[SourceVersionDate "2013.12.19"]
[SourceQuality "1"]

1. c4 e5 2. Nc3 f5 3. g3 Nf6 4. Bg2 d6 5. d3 c6 6. e4 Be7 7. Nge2 0-0 8. 0-0 Be6 9. exf5 Bxf5 10. d4 Qc7 11. h3 Nbd7 12. g4 Bg6 13. f4 h6 14. Be3 Rae8 15. f5 Bf7 16. d5 c5 17. Ng3 a6 18. Bf2 Rb8 19. a4 b6 20. h4 Nh7 21. Nge4 Ndf6 22. Nd2 Qd8 23. Bh3 Ne8 24. Nf3 Nc7 25. Ne4 b5 26. axb5 axb5 27. b3 bxc4 28. bxc4 Nf6 29. Nc3 Nfe8 30. Kh1 Rb4 31. Ra4 Rxa4 32. Qxa4 Nf6 33. Qd1 e4 34. Nd2 e3 35. Bxe3 Nd7 36. Nce4 Nxd5 37. cxd5 Bxd5 38. Bg2 Bxh4 39. Nxd6 Bxg2+ 40. Kxg2 Ne5 41. Bxc5 Qa8+ 42. Kh3 Be7 43. Re1 Bf6 44. N2e4 Be7 45. Qb3+ Kh7 46. g5 Bxd6 47. Bxd6 Rxf5 48. Bxe5 Qa5 49. g6+ Kxg6 50. Qe6+ 1-0

[Event "San Sebastian de los Reyes op 15th"]
[Site "San Sebastian"]
[Date "2013.12.01"]
[Round "2"]
[White "Camarero Izquierdo, Juan Carlos"]
[Black "Gonzalez Mateos, Rafael"]
[Result "0-1"]
[WhiteElo "1845"]
[BlackElo "2010"]
[PlyCount "60"]
[EventDate "2013.11.30"]
[EventType "swiss"]
[EventRounds "9"]
[EventCountry "ESP"]
[SourceTitle "CBM 157 Extra"]
[Source "ChessBase"]
[SourceDate "2013.12.19"]
[SourceVersion "1"]
[SourceVersionDate "2013.12.19"]
[SourceQuality "1"]

1. e4 e6 2. d4 d5 3. e5 c5 4. c3 Qb6 5. Nf3 Nc6 6. Bd3 Bd7 7. dxc5 Bxc5 8. 0-0 a5 9. c4 Nge7 10. Nc3 Nb4 11. Be2 dxc4 12. Bxc4 Rd8 13. Qe2 0-0 14. Ne4 Ng6 15. Bg5 Be7 16. Bxe7 Nxe7 17. Nfg5 h6 18. Qh5 Nf5 19. g4 hxg5 20. Nf6+ gxf6 21. exf6 Qd4 22. Qxg5+ Kh7 23. Qh5+ Nh6 24. h3 Rg8 25. Be2 Qxf6 26. a3 Rg5 27. Qxg5 Qxg5 28. axb4 axb4 29. f4 Qc5+ 30. Kh2 Bc6 0-1

[Event "Madrid San Viator op 21st"]
[Site "Madrid"]
[Date "2013.10.13"]
[Round "4"]
[White "Iturbide Arnedo, Oscar"]
[Black "Gonzalez Mateos, Rafael"]
[Result "1-0"]
[WhiteElo "2159"]
[BlackElo "2006"]
[PlyCount "153"]
[EventDate "2013.09.29"]
[EventType "swiss"]
[EventRounds "9"]
[EventCountry "ESP"]
[SourceTitle "EXT 2015"]
[Source "ChessBase"]
[SourceDate "2014.11.20"]
[SourceVersion "1"]
[SourceVersionDate "2014.11.20"]
[SourceQuality "1"]

1. e4 e6 2. d4 d5 3. e5 c5 4. c3 Qb6 5. Nf3 Bd7 6. a3 c4 7. Nbd2 Nc6 8. b3 cxb3 9. Nxb3 Na5 10. Nxa5 Qxa5 11. Bd2 Qa4 12. Qb1 b6 13. Bd3 h6 14. 0-0 Ne7 15. Rc1 Rc8 16. h3 g6 17. Nh2 Nf5 18. Ng4 Bg7 19. Qb4 h5 20. Nf6+ Bxf6 21. exf6 Qxb4 22. axb4 Ra8 23. Ra6 Nd6 24. Rca1 Nc8 25. c4 Bc6 26. c5 0-0 27. Bf4 Bb7 28. Bb5 bxc5 29. bxc5 Bxa6 30. Rxa6 Nb6 31. cxb6 axb6 32. Rxb6 Ra1+ 33. Bf1 Rc8 34. Rb8 Rxb8 35. Bxb8 g5 36. g3 Rd1 37. Be5 Kh7 38. Kg2 Kg6 39. Be2 Rd2 40. Kf3 Kh7 41. Ke3 Ra2 42. Bxh5 Ra3+ 43. Ke2 Kg8 44. Bg4 Ra1 45. Kf3 Ra3+ 46. Ke2 Rb3 47. Kf1 Ra3 48. Kg2 Rb3 49. f4 Rb2+ 50. Kf3 Rb3+ 51. Kf2 Rb2+ 52. Be2 gxf4 53. Bxf4 Rb3 54. h4 Kh7 55. Bh5 Kg8 56. Be5 Ra3 57. Kg2 Rb3 58. Be2 Rb2 59. Kf3 Rb3+ 60. Kf4 Rb2 61. Bf3 Rb3 62. Bh5 Rb1 63. Kg5 Rf1 64. Kh6 Rg1 65. Be2 Rg2 66. Bd3 Rd2 67. Bh7+ Kh8 68. Bd6 Rf2 69. Be5 Rh2 70. Bg6 Kg8 71. Bh5 Rg2 72. g4 Rg1 73. g5 Rh1 74. g6 fxg6 75. Kxg6 Rg1+ 76. Kh6 Rg2 77. f7+ 1-0

[Event "Collado Villalba op 30th"]
[Site "Collado Villalba"]
[Date "2013.08.25"]
[Round "3"]
[White "Martin Carmona, Gaston Manuel"]
[Black "Gonzalez Mateos, Rafael"]
[Result "1-0"]
[WhiteElo "1942"]
[BlackElo "2006"]
[PlyCount "105"]
[EventDate "2013.08.23"]
[EventType "swiss"]
[EventRounds "9"]
[EventCountry "ESP"]
[SourceTitle "CBM 156 Extra"]
[Source "ChessBase"]
[SourceDate "2013.10.22"]
[SourceVersion "1"]
[SourceVersionDate "2013.10.22"]
[SourceQuality "1"]

1. d4 Nf6 2. c4 e6 3. Nf3 b6 4. g3 Ba6 5. b3 Bb4+ 6. Bd2 Be7 7. Bg2 c6 8. 0-0 d5 9. Qc2 Nbd7 10. a4 0-0 11. Rc1 c5 12. e3 Rc8 13. Bf1 Bb7 14. Be2 Nb8 15. Qb2 Ne4 16. Na3 Nxd2 17. Qxd2 cxd4 18. exd4 dxc4 19. bxc4 Bxf3 20. Bxf3 Bg5 21. Qd1 Bxc1 22. Rxc1 Qe7 23. Qd3 Nc6 24. Nc2 Rfd8 25. Bxc6 Rxc6 26. d5 exd5 27. cxd5 Rc5 28. Re1 Rcxd5 29. Qf3 Qd7 30. Ne3 Rd3 31. Qf4 Qd4 32. Qg5 h6 33. Qb5 Rd2 34. Rf1 g6 35. h4 h5 36. Qc6 Rd3 37. Re1 Qd7 38. Qf6 Rd6 39. Qf4 Re8 40. Qg5 Qxa4 41. Rf1 Qa5 42. Qf4 Qe5 43. Qa4 Re7 44. Qc2 Rd8 45. Qa4 Qc7 46. Re1 a5 47. g4 hxg4 48. Qxg4 Qc5 49. Kg2 Qh5 50. Qf4 Rde8 51. Ng4 Qxh4 52. Rh1 g5 53. Qf5 1-0